Jornada sobre camins escolars : 10 de novembre de 2004 10 de novembre de 2004
Descripción Física:
1 tríptic ; 21 cm
Materias:
Alumnes -- Mobilitat
MARC
| LEADER | 00000nam a2200000Ia 4500 | ||
|---|---|---|---|
| 001 | 24547 | ||
| 008 | 160829s9999 xx 000 0 cat d | ||
| 080 | |a FU-67-42 | ||
| 245 | |a Jornada sobre camins escolars : |b 10 de novembre de 2004 | ||
| 260 | |a [Barcelona] : |b Diputació de Barcelona, [2004] | ||
| 300 | |a 1 tríptic ; |c 21 cm | ||
| 650 | 0 | |a Alumnes |x Mobilitat |9 49944 | |
| 710 | 1 | |a Catalunya. |b Generalitat |9 12125 | |
| 710 | 1 | |a Barcelona (Catalunya). |b Ajuntament |9 50981 | |
| 710 | 1 | |a Barcelona (Catalunya : Província). |b Diputació |9 52408 | |
| 901 | |a Arxiu | ||
| 942 | |n 1 | ||
| 952 | |0 0 |1 0 |4 0 |6 FU6742 |7 1 |9 55700 |a Arxiu |b Arxiu |d 2016-12-01 |l 0 |o FU-67-42 |p 24547 |r 2016-12-01 00:00:00 |w 2016-12-01 |y ARXIU | ||
| 999 | |c 59573 |d 59573 | ||